[Event "Sao Paulo Cordioli Memorial"]
[Site "Sao Paulo"]
[Date "2015.09.06"]
[Round "4"]
[White "Gomes da Silva, Eugenio Albaneze"]
[Black "De Haro, Martim Alfonso"]
[Result "1/2-1/2"]
[WhiteElo "2074"]
[BlackElo "1947"]
[PlyCount "69"]
[EventDate "2015.09.05"]
[EventType "swiss"]
[EventRounds "6"]
[EventCountry "BRA"]
[SourceTitle "EXT 2016"]
[Source "ChessBase"]
[SourceDate "2015.10.08"]
[SourceVersion "1"]
[SourceVersionDate "2015.10.08"]
[SourceQuality "1"]

1. e4 c5 2. Nf3 g6 3. d4 cxd4 4. Qxd4 Nf6 5. Nc3 Nc6 6. Qa4 d6 7. e5 Ng4 8. Bb5 Bg7 9. exd6 0-0 10. 0-0 Qxd6 11. Bf4 Qc5 12. Ne4 Qf5 13. Ng3 Qc5 14. h3 Nge5 15. Nxe5 Nxe5 16. Ne4 Qb6 17. Be3 Qc7 18. c3 Bf5 19. Ng3 a6 20. Be2 Bd3 21. Bd4 Bxe2 22. Nxe2 Qc4 23. Qxc4 Nxc4 24. Bxg7 Kxg7 25. b3 Ne5 26. Rad1 Rfd8 27. Nd4 Rac8 28. Rfe1 Kf6 29. c4 Rd6 30. f4 Nc6 31. Nxc6 Rcxc6 32. Kf2 b5 33. Rxd6+ exd6 34. Re4 Rc5 35. g4 1/2-1/2

[Event "Sao Paulo Cordioli Memorial"]
[Site "Sao Paulo"]
[Date "2015.09.06"]
[Round "3"]
[White "Santos, Marcus Vinicius M"]
[Black "Gomes da Silva, Eugenio Albaneze"]
[Result "1-0"]
[WhiteElo "2351"]
[BlackElo "2074"]
[PlyCount "51"]
[EventDate "2015.09.05"]
[EventType "swiss"]
[EventRounds "6"]
[EventCountry "BRA"]
[SourceTitle "EXT 2016"]
[Source "ChessBase"]
[SourceDate "2015.10.08"]
[SourceVersion "1"]
[SourceVersionDate "2015.10.08"]
[SourceQuality "1"]

1. d4 Nf6 2. c4 g6 3. Nc3 d5 4. h4 c6 5. cxd5 cxd5 6. Bf4 Nc6 7. e3 a6 8. Be2 h5 9. Nf3 b5 10. 0-0 Bf5 11. Rc1 Qb6 12. a4 b4 13. Nb5 axb5 14. Rxc6 Qxc6 15. Bxb5 Bd7 16. Bxc6 Bxc6 17. Qc2 Bxa4 18. Qc7 Bg7 19. Ra1 0-0 20. Qxe7 Bc2 21. Rxa8 Rxa8 22. Ne5 Ra1+ 23. Kh2 Ng4+ 24. Nxg4 hxg4 25. Qe8+ Kh7 26. Qxf7 1-0

[Event "Sao Paulo Cordioli Memorial"]
[Site "Sao Paulo"]
[Date "2015.09.05"]
[Round "1"]
[White "Nunes, Marcela Andreia Dia"]
[Black "Gomes da Silva, Eugenio Albaneze"]
[Result "0-1"]
[WhiteElo "1532"]
[BlackElo "2074"]
[PlyCount "50"]
[EventDate "2015.09.05"]
[EventType "swiss"]
[EventRounds "6"]
[EventCountry "BRA"]
[SourceTitle "EXT 2016"]
[Source "ChessBase"]
[SourceDate "2015.10.08"]
[SourceVersion "1"]
[SourceVersionDate "2015.10.08"]
[SourceQuality "1"]

1. d4 Nf6 2. c4 e6 3. Nc3 d5 4. Bg5 Nbd7 5. e3 Be7 6. Nf3 0-0 7. Bd3 h6 8. Bh4 dxc4 9. Bxc4 c5 10. 0-0 b6 11. Ne5 Nxe5 12. dxe5 Nd7 13. Bxe7 Qxe7 14. f4 a6 15. Ne4 b5 16. Be2 Bb7 17. Nd6 Bc6 18. Bf3 Bxf3 19. Rxf3 Rad8 20. Rg3 f6 21. Qh5 fxe5 22. fxe5 Nxe5 23. Ne4 Rf5 24. Qxh6 Rd5 25. Ng5 gxh6 0-1

[Event "Macae Sudeste-ch"]
[Site "Macae"]
[Date "2015.05.02"]
[Round "3"]
[White "Souza, Iago Henrique Da Si"]
[Black "Gomes da Silva, Eugenio Albaneze"]
[Result "1/2-1/2"]
[WhiteElo "2046"]
[BlackElo "2082"]
[PlyCount "109"]
[EventDate "2015.05.01"]
[EventType "swiss"]
[EventRounds "6"]
[EventCountry "BRA"]
[SourceTitle "CBM 166 Extra"]
[Source "ChessBase"]
[SourceDate "2015.06.18"]
[SourceVersion "1"]
[SourceVersionDate "2015.06.18"]
[SourceQuality "1"]

1. d4 Nf6 2. Nf3 g6 3. c3 Bg7 4. Qc2 d5 5. Bf4 c6 6. Nbd2 Bf5 7. Qb3 Qb6 8. Qxb6 axb6 9. e3 Nbd7 10. h3 Ne4 11. Be2 b5 12. 0-0 f6 13. Bh2 0-0 14. Nxe4 Bxe4 15. Nd2 Bf5 16. g4 Be6 17. f4 Bf7 18. e4 e5 19. fxe5 fxe5 20. dxe5 Nxe5 21. exd5 Bxd5 22. Rxf8+ Rxf8 23. a3 Nc4 24. Nxc4 bxc4 25. Bg3 Re8 26. Bf1 Bh6 27. Bf2 Kf7 28. Rd1 Bf4 29. Rd4 Be5 30. Rd2 b5 31. Bh4 h6 32. Rf2+ Ke6 33. Re2 Kd7 34. Rd2 Bf4 35. Rd1 Kc7 36. Bf2 Bf3 37. Rd4 Re4 38. a4 Rxd4 39. Bxd4 Bc1 40. axb5 cxb5 41. Kf2 Be4 42. Bg7 Kc6 43. Bf8 Bxb2 44. Ke3 Kd5 45. Kd2 h5 46. gxh5 gxh5 47. Be2 h4 48. Be7 Bf5 49. Bf1 Ke5 50. Bg2 Ke6 51. Bb4 Kd7 52. Bb7 Kc7 53. Bg2 Kb6 54. Bf1 Be4 55. Be2 1/2-1/2

[Event "Botafogo Fexerj op"]
[Site "Botafogo"]
[Date "2015.01.24"]
[Round "4"]
[White "Noseda, Francesco"]
[Black "Gomes da Silva, Eugenio Albaneze"]
[Result "1/2-1/2"]
[WhiteElo "1969"]
[BlackElo "2106"]
[PlyCount "75"]
[EventDate "2015.01.23"]
[EventType "swiss"]
[EventRounds "6"]
[EventCountry "BRA"]
[SourceTitle "CBM 164 Extra"]
[Source "ChessBase"]
[SourceDate "2015.03.02"]
[SourceVersion "1"]
[SourceVersionDate "2015.03.02"]
[SourceQuality "1"]

1. e4 c5 2. Nf3 Nc6 3. d4 cxd4 4. Nxd4 g6 5. c4 Bg7 6. Nc2 Nf6 7. Nc3 d6 8. Be2 a5 9. 0-0 0-0 10. Be3 Nd7 11. Qd2 Nc5 12. f3 a4 13. Rab1 Qa5 14. Nd5 Qxd2 15. Bxd2 Be6 16. Bc3 Bxc3 17. Nxc3 Ne5 18. Ne3 f5 19. exf5 Bxf5 20. Nxf5 Rxf5 21. f4 Ned3 22. g3 Nb4 23. Bf3 e5 24. fxe5 dxe5 25. Nd5 Nxd5 26. Bxd5+ Kg7 27. b4 axb3 28. axb3 Rxf1+ 29. Kxf1 Rf8+ 30. Ke2 b6 31. b4 Na6 32. Ke3 Nc7 33. Bb7 Rb8 34. Bg2 Na6 35. Rb2 Kf6 36. Bd5 Ke7 37. Ke4 Kd6 38. h4 1/2-1/2

[Event "Salvador Bahia"]
[Site "Salvador"]
[Date "2011.07.10"]
[Round "9.3"]
[White "Monteiro Neto, Cesidio Rocha"]
[Black "Gomes da Silva, Eugenio Albaneze"]
[Result "0-1"]
[WhiteElo "2090"]
[BlackElo "2090"]
[PlyCount "78"]
[EventDate "2011.07.01"]
[EventType "swiss"]
[EventRounds "9"]
[EventCountry "BRA"]
[SourceTitle "EXT 2022"]
[Source "ChessBase"]
[SourceDate "2021.10.06"]
[SourceVersion "1"]
[SourceVersionDate "2021.10.06"]
[SourceQuality "1"]

1. e4 c5 2. Nf3 Nc6 3. d4 cxd4 4. Nxd4 g6 5. Nc3 Bg7 6. Be3 Nf6 7. Bc4 Qa5 8. 0-0 0-0 9. Nb3 Qc7 10. Be2 d6 11. h3 a6 12. a4 Na5 13. Nd4 Nc4 14. Bc1 Rd8 15. Qd3 Ne5 16. Qg3 Bd7 17. Bg5 Bc6 18. Nxc6 bxc6 19. f4 Ned7 20. a5 Nc5 21. Bf3 Rab8 22. Ra2 Rb4 23. Qe1 Rdb8 24. b3 Ne6 25. Ra4 Rxa4 26. Nxa4 Rb5 27. b4 Nxg5 28. Be2 Ngxe4 29. Bxb5 cxb5 30. Nb6 Qxc2 31. Qe3 Qc3 32. Qxc3 Nxc3 33. Re1 Kf8 34. Kf2 Nfd5 35. Nxd5 Nxd5 36. Rc1 Bc3 37. Kf3 Ke8 38. Ke4 e6 39. Kd3 Nxb4+ 0-1

[Event "Salvador Bahia"]
[Site "Salvador"]
[Date "2011.07.03"]
[Round "4.2"]
[White "Gomes da Silva, Eugenio Albaneze"]
[Black "Fiaes, Mario Henrique"]
[Result "1/2-1/2"]
[WhiteElo "2090"]
[BlackElo "2046"]
[PlyCount "60"]
[EventDate "2011.07.01"]
[EventType "swiss"]
[EventRounds "9"]
[EventCountry "BRA"]
[SourceTitle "EXT 2022"]
[Source "ChessBase"]
[SourceDate "2021.10.06"]
[SourceVersion "1"]
[SourceVersionDate "2021.10.06"]
[SourceQuality "1"]

1. e4 d5 2. exd5 Qxd5 3. Nc3 Qa5 4. Bc4 Nf6 5. d3 Nc6 6. Bd2 Qe5+ 7. Qe2 Qd6 8. Nb5 Qd7 9. Bf4 e5 10. Bxe5 Bb4+ 11. Kf1 0-0 12. Bxf6 gxf6 13. Qf3 a6 14. Nc3 Bxc3 15. bxc3 Qd8 16. d4 Nxd4 17. Qg3+ Kh8 18. Rd1 Nf5 19. Qf3 Qe7 20. Bd3 Nh4 21. Qh5 Ng6 22. Nf3 Be6 23. h4 Rfd8 24. Re1 Rd5 25. Ng5 Nf8 26. Bxh7 Ra5 27. Bg6+ Kg8 28. Bh7+ Kh8 29. Bg6+ Kg8 30. Bh7+ Kh8 1/2-1/2

[Event "Americana Paulista Interior"]
[Site "Americana"]
[Date "2007.10.12"]
[Round "2"]
[White "Gomes da Silva, Eugenio Albaneze"]
[Black "Moraes, Rafael da Silva"]
[Result "0-1"]
[WhiteElo "2067"]
[BlackElo "1938"]
[PlyCount "93"]
[EventDate "2007.10.12"]
[EventType "swiss"]
[EventRounds "6"]
[EventCountry "BRA"]
[SourceTitle "EXT 2022"]
[Source "ChessBase"]
[SourceDate "2021.10.06"]
[SourceVersion "1"]
[SourceVersionDate "2021.10.06"]
[SourceQuality "1"]

1. e4 e6 2. d4 d5 3. Nc3 Nf6 4. Bg5 Bb4 5. e5 h6 6. Bd2 Bxc3 7. bxc3 Ne4 8. Nf3 c5 9. Bd3 Nxd2 10. Qxd2 c4 11. Be2 Nc6 12. 0-0 0-0 13. Ne1 b5 14. f4 a5 15. a3 Rb8 16. g3 Bd7 17. Ng2 Qb6 18. Rfd1 b4 19. axb4 axb4 20. cxb4 Qxb4 21. c3 Qb2 22. Ne3 Qxd2 23. Rxd2 Rb3 24. Nd1 Rfb8 25. Rda2 g6 26. Kf2 Ne7 27. Ra7 R8b7 28. Ke1 Nc8 29. Rxb7 Rxb7 30. Kd2 Rb3 31. Kc2 Nb6 32. Nb2 Be8 33. Ra2 Kg7 34. Kd2 h5 35. Bd1 Rb5 36. h4 Bd7 37. Kc1 Be8 38. Ra6 Bd7 39. Bc2 Be8 40. Nd1 Bd7 41. Ne3 Kh6 42. Ra7 Be8 43. Re7 Bc6 44. Rxf7 Ra5 45. Rf6 Be8 46. Rxe6 Ra1+ 47. Kd2 0-1